000 00575cam a22002053a 4500
001 45949
003 PGUSA
005 20140828084055.0
008 140612s2014||||xxu|||||s|||||000 | eng d
040 _aPGUSA
_beng
042 _adc
100 1 _aMeyers, Augustus
245 1 0 _aTen years in the ranks, U.S. army
_h[electronic resource] /
_cAugustus Meyers
260 _bProject Gutenberg,
_c2014
506 _aPublic domain in the USA.
516 _aElectronic text
830 0 _aProject Gutenberg
_v45949
856 4 0 _uhttp://www.gutenberg.org/ebooks/45949
942 _cEB
999 _c275198
_d275198